Solving conditional probleme of extreme function n variables with m conditions - using maxima

Saved in:
Bibliographic Details
Main Author: Fecenko, Jozef
Other Authors: Sakálová, Katarína, 1955-
Format: Book Chapter
Language:English
Subjects:
Tags: Add Tag
No Tags, Be the first to tag this record!

MARC

LEADER 00000naa$a2200000$$$4500
001 0215135
005 20240502073606.9
041 0 |a eng 
044 |a SK 
245 1 0 |a Solving conditional probleme of extreme function n variables with m conditions - using maxima  |c Jozef Fecenko, Katarína Sakálová 
610 2 0 |a optimalizácia 
610 2 0 |a matice 
610 2 0 |a softvér 
100 1 |a Fecenko, Jozef 
700 1 |a Sakálová, Katarína, 1955-